CFD analýza prúdenia okolo zadného krídla na elektrickom vozidle – formula student

Enregistré dans:
Détails bibliographiques
Auteur principal: Jevčáková, Katarína (Auteur)
Autres auteurs: Kurilla, Matej (Directeur de thèse)
Format: Manuscrit Livre
Langue:slovaque
Publié: 2022
Sujets:
Accès en ligne:http://is.stuba.sk/zp/portal_zp.pl?podrobnosti=156080
Tags: Ajouter un tag
Pas de tags, Soyez le premier à ajouter un tag!

MARC

LEADER 00000ntm a22000003a 4500
001 stuzp90615
003 SK-STU
005 20220611213817.3
007 ta
008 150427s2015----xo-----f-mn---000-0-slo-d
040 |a STU  |b slo 
041 0 |a slo 
100 1 |a Jevčáková, Katarína  |u 020030  |4 aut  |U SjF Strojnícka fakulta  |T SjF Ústav dopravnej techniky a konštruovania  |X 103969  |U J0030  |Y 806  |7 103969 
242 0 1 |a CFD analysis of the flow around the rear wing of an electric vehicle - formula student  |y eng 
245 1 0 |a CFD analýza prúdenia okolo zadného krídla na elektrickom vozidle – formula student 
260 |c 2022 
650 4 |a CFD analýza  |2 slo 
650 4 |a zadné krídlo  |2 slo 
650 4 |a aerodynamika  |2 slo 
650 4 |a odpor  |2 slo 
650 4 |a profil krídla  |2 slo 
650 4 |a prítlak  |2 slo 
650 4 |a prúdenie  |2 slo 
650 4 |a CFD analysis  |2 eng 
650 4 |a rear wing  |2 eng 
650 4 |a aerodynamics  |2 eng 
650 4 |a resistance  |2 eng 
650 4 |a flow  |2 eng 
650 4 |a wing profile  |2 eng 
650 4 |a pressure  |2 eng 
700 1 |a Kurilla, Matej  |u 020030  |k Z2  |4 ths  |U SjF Strojnícka fakulta  |T SjF Ústav dopravnej techniky a konštruovania  |X 55162  |U J0030  |Y 806  |7 55162 
856 4 |u http://is.stuba.sk/zp/portal_zp.pl?podrobnosti=156080 
996 |b 284J046938  |c J* 3438/DBP  |l JJSK  |s A  |a 24  |w stuzp90615_0001